Rozpoznaj państwo Europy po znanej osobie - Statystyki

Ogólne statystyki
  • Ten quiz został rozwiązany 61 razy
  • Średni wynik to 19 z 24
Statystyki odpowiedzi
Osoba Zawód Państwo % Poprawnych
Adolf Hitler polityk Austria
100%
Aleksandr Łukaszenka polityk Białoruś
100%
Fryderyk Chopin kompozytor Polska
100%
Cristiano Ronaldo piłkarz Portugalia
98%
Elżbieta II królowa Wielka Brytania
98%
Adam Mickiewicz pisarz Litwa
96%
Albert Einstein fizyk Niemcy
95%
Vladimir Putin polityk Rosja
95%
Wołodymyr Zelenski polityk Ukraina
95%
Napoleon Bonaparte wojskowy Francja
91%
Leonardo da Vinci wynalazca Włochy
91%
Sokrates filozof Grecja
89%
Alfred Nobel chemik Szwecja
88%
Björk Guðmundsdóttir piosenkarka Islandia
84%
Hans Christian Andersen pisarz Dania
82%
Johanes Vermeer malarz Holandia
73%
Erno Rubik wynalazca Węgry
70%
Salvador Dali surrealista Hiszpania
66%
Nikola Tesla inżynier Chorwacja
63%
Franz Kafka pisarz Czechy
63%
Edvard Grieg kompozytor Norwegia
63%
Bono piosenkarz Irlandia
59%
Matka Teresa zakonnica Macedonia Północna
46%
Tommy Cash piosenkarz Estonia
41%
Nie znaleziono quizów pasujących do podanych kryteriów
Rozkład punktacji
Procent ludzi z każdym wynikiem
Percentyl według liczby udzielonych odpowiedzi
Twoja historia wyników
Nie rozwiązałeś tego quizu